[Event "European Senior Teams Chess Championshi"]
[Site "Rogaska Slatina"]
[Date "2012.03.27"]
[Round "1.19"]
[White "Smith, Stephen H"]
[Black "Nickl, Klaus"]
[Result "0-1"]
[WhiteElo "1855"]
[BlackElo "2162"]
[PlyCount "46"]
[EventDate "2012.03.27"]
[WhiteTeam "SCO 2"]
[BlackTeam "AUT - STEIERMARK"]

1. e4 e5 2. f4 exf4 3. Nf3 d5 4. exd5 Nf6 5. Nc3 Nxd5 6. Bc4 Be6 7. Nxd5 Bxd5
8. Bxd5 Qxd5 9. O-O Nc6 10. d4 O-O-O 11. c3 g5 12. Bd2 h5 13. Qc2 h4 14. c4
Nxd4 15. cxd5 Nxc2 16. Rac1 Ne3 17. Bxe3 fxe3 18. Rfd1 e2 19. Rd3 g4 20. Ne1
Rh5 21. Kf2 Re8 22. Re3 Rxe3 23. Kxe3 Bh6+ 0-1

[Event "European Senior Teams Chess Championshi"]
[Site "Rogaska Slatina"]
[Date "2012.03.27"]
[Round "1.19"]
[White "Kratschmer, Heinz"]
[Black "Murphy, George A A"]
[Result "1-0"]
[WhiteElo "2164"]
[BlackElo "1811"]
[PlyCount "65"]
[EventDate "2012.03.27"]
[WhiteTeam "AUT - STEIERMARK"]
[BlackTeam "SCO 2"]

1. d4 Nf6 2. Nf3 e6 3. e3 d5 4. Bd3 Be7 5. O-O O-O 6. Nbd2 b6 7. Ne5 c5 8. c3
Qc7 9. f4 Bb7 10. Qf3 Nbd7 11. Kh1 Rad8 12. Nxd7 Rxd7 13. g4 g6 14. g5 Nh5 15.
Qg4 Ng7 16. Nf3 Bd6 17. Bd2 Nf5 18. Ne5 Bxe5 19. fxe5 Kg7 20. Rf3 h5 21. gxh6+
Nxh6 22. Qg5 Qd8 23. Rf6 Nf5 24. Rf1 Rh8 25. Bxf5 exf5 26. R1xf5 Qe8 27. Qg3
Re7 28. Kg1 Bc8 29. Rg5 Re6 30. Rf3 Re7 31. Be1 Be6 32. Qf4 Bf5 33. Qxf5 1-0

[Event "European Senior Teams Chess Championshi"]
[Site "Rogaska Slatina"]
[Date "2012.03.27"]
[Round "1.19"]
[White "Flockhart, Hugh"]
[Black "Pitzl, Konstantinos"]
[Result "1/2-1/2"]
[WhiteElo "1845"]
[BlackElo "2093"]
[PlyCount "89"]
[EventDate "2012.03.27"]
[WhiteTeam "SCO 2"]
[BlackTeam "AUT - STEIERMARK"]

1. e4 d6 2. d4 Nf6 3. Nc3 g6 4. Be3 c6 5. f3 b5 6. Qd2 Nbd7 7. O-O-O Qa5 8. Kb1
b4 9. Nce2 Bg7 10. Nc1 O-O 11. Bh6 c5 12. Bxg7 Kxg7 13. g4 cxd4 14. Nb3 Qb6 15.
Nxd4 Ne5 16. h4 h5 17. gxh5 Nxh5 18. Qg2 Bd7 19. Nf5+ Bxf5 20. exf5 Rac8 21.
Nh3 Qe3 22. Bd3 Qxf3 23. Qxf3 Nxf3 24. fxg6 fxg6 25. Ng1 Ne5 26. Be2 Rf2 27.
Bxh5 gxh5 28. Rc1 Ng4 29. Nh3 Rf6 30. Ng5 Rcf8 31. Rhe1 e5 32. Ne4 Re6 33. c3
bxc3 34. Rxc3 d5 35. Ng5 Re7 36. Rc5 d4 37. Ne4 Rf4 38. Ng3 Kg6 39. Rc6+ Rf6
40. Rc5 Rd6 41. Ne4 Rb6 42. b3 Rf7 43. Ng5 Rd7 44. Nf3 d3 45. Nxe5+ 1/2-1/2

[Event "European Senior Teams Chess Championshi"]
[Site "Rogaska Slatina"]
[Date "2012.03.27"]
[Round "1.20"]
[White "Rooze, Jan"]
[Black "Ahlers, Ben"]
[Result "1/2-1/2"]
[WhiteElo "2325"]
[BlackElo "2116"]
[PlyCount "60"]
[EventDate "2012.03.27"]
[WhiteTeam "BEL"]
[BlackTeam "NED - DIS.DIS."]

1. e4 e6 2. d3 d5 3. Qe2 Be7 4. Nf3 c5 5. g3 Nc6 6. Bg2 Nf6 7. O-O O-O 8. e5
Nd7 9. c4 Nb6 10. h4 f5 11. exf6 Bxf6 12. Nc3 Nd4 13. Nxd4 cxd4 14. Nb1 dxc4
15. dxc4 d3 16. Qe4 Na4 17. Nd2 Nxb2 18. Bxb2 Bxb2 19. Rad1 e5 20. Qd5+ Qxd5
21. Bxd5+ Kh8 22. Kg2 Rb8 23. Ne4 Bf5 24. Rxd3 b5 25. cxb5 Rxb5 26. f3 Bd4 27.
Bb3 h6 28. Rd2 Bxe4 29. fxe4 Rxf1 30. Kxf1 Rc5 1/2-1/2

[Event "European Senior Teams Chess Championshi"]
[Site "Rogaska Slatina"]
[Date "2012.03.27"]
[Round "1.20"]
[White "Happel, Henk"]
[Black "Van Herck, Marcel"]
[Result "1-0"]
[WhiteElo "2129"]
[BlackElo "2097"]
[PlyCount "77"]
[EventDate "2012.03.27"]
[WhiteTeam "NED - DIS.DIS."]
[BlackTeam "BEL"]

1. d4 Nf6 2. c4 e6 3. Nc3 Bb4 4. Bg5 h6 5. Bh4 c5 6. d5 Bxc3+ 7. bxc3 e5 8. Qc2
d6 9. f3 Nbd7 10. e3 e4 11. f4 Qe7 12. Be2 Rg8 13. Nh3 g5 14. fxg5 Nh7 15. O-O
hxg5 16. Bg3 Ndf6 17. Rf2 Ng4 18. Bxg4 Bxg4 19. Bxd6 Qxd6 20. Qxe4+ Qe7 21.
Qxg4 Nf6 22. Qf5 Ne4 23. Rff1 Nd6 24. Qd3 f5 25. Nf2 O-O-O 26. Rae1 Rh8 27. e4
Qh7 28. Qh3 Qc7 29. Qg3 Nxc4 30. Qxc7+ Kxc7 31. exf5 Rxd5 32. Re7+ Kc6 33. Ne4
Ne3 34. Re6+ Kc7 35. Nf6 Rd6 36. Re1 Nxf5 37. Ne8+ Rxe8 38. Rxe8 Rd3 39. R8e5
1-0

[Event "European Senior Teams Chess Championshi"]
[Site "Rogaska Slatina"]
[Date "2012.03.27"]
[Round "1.20"]
[White "Vink, Wim"]
[Black "Schrickx, Frank"]
[Result "1/2-1/2"]
[WhiteElo "1954"]
[BlackElo "1874"]
[PlyCount "49"]
[EventDate "2012.03.27"]
[WhiteTeam "NED - DIS.DIS."]
[BlackTeam "BEL"]

1. d4 Nf6 2. Nf3 e6 3. c4 b6 4. g3 Bb7 5. Bg2 Bb4+ 6. Bd2 Qe7 7. O-O O-O 8. Bf4
d5 9. Nbd2 c5 10. dxc5 Bxc5 11. cxd5 exd5 12. Nb3 Nbd7 13. Nfd4 Bxd4 14. Nxd4
Nc5 15. Rc1 Rfe8 16. b4 Ne6 17. Nxe6 Qxe6 18. Re1 Rac8 19. Rxc8 Rxc8 20. Qb3 h6
21. h4 Qf5 22. Rc1 Rxc1+ 23. Bxc1 Ne4 24. Be3 Qe5 25. Bxe4 1/2-1/2

[Event "European Senior Teams Chess Championshi"]
[Site "Rogaska Slatina"]
[Date "2012.03.27"]
[Round "1.21"]
[White "Jongsma, Alexander"]
[Black "Johnsen, Oystein"]
[Result "1-0"]
[WhiteElo "2193"]
[BlackElo "1899"]
[PlyCount "71"]
[EventDate "2012.03.27"]
[WhiteTeam "NED - VAS"]
[BlackTeam "NOR 4"]

1. e4 d5 2. Nc3 d4 3. Nce2 Nc6 4. Ng3 e5 5. Bc4 Nf6 6. Nf3 h6 7. c3 Bd6 8. O-O
O-O 9. b4 dxc3 10. dxc3 Qe8 11. Nh4 Be6 12. Qe2 Nd8 13. Nhf5 Bxc4 14. Qxc4 Qe6
15. Qd3 Ne8 16. Be3 b6 17. Rfd1 Nb7 18. Qa6 Nd8 19. a4 Qc8 20. Qb5 Qe6 21. a5
a6 22. Qd5 Qxd5 23. Rxd5 b5 24. Nxd6 cxd6 25. Nf5 Nf6 26. Rxd6 Nxe4 27. Rd7 Ne6
28. Rc1 Rfd8 29. Ne7+ Kf8 30. Rxd8+ Rxd8 31. Nc6 Rd5 32. f3 Nd6 33. Nb8 Nc4 34.
Bb6 Nxb6 35. axb6 Rd6 36. b7 1-0

[Event "European Senior Teams Chess Championshi"]
[Site "Rogaska Slatina"]
[Date "2012.03.27"]
[Round "1.21"]
[White "Ovesen, Karsten"]
[Black "Ghijsen, Pim"]
[Result "0-1"]
[WhiteElo "1893"]
[BlackElo "2191"]
[PlyCount "80"]
[EventDate "2012.03.27"]
[WhiteTeam "NOR 4"]
[BlackTeam "NED - VAS"]

1. d4 d5 2. Nf3 Nf6 3. Bg5 Ne4 4. Bh4 c6 5. Nbd2 Qb6 6. Rb1 Bf5 7. e3 e6 8.
Nxe4 Bxe4 9. a3 Bxf3 10. gxf3 c5 11. c3 Bd6 12. Bd3 Nc6 13. Bg3 Be7 14. O-O O-O
15. f4 f5 16. Kh1 Qd8 17. Rc1 Rc8 18. b4 cxd4 19. cxd4 a6 20. Rc2 Qd7 21. Qe2
Na7 22. Rfc1 Qa4 23. Rxc8 Rxc8 24. Rxc8+ Nxc8 25. Qc2 Qxc2 26. Bxc2 Nb6 27. Bd3
Nc4 28. Bxc4 dxc4 29. f3 c3 30. Be1 c2 31. Bd2 a5 32. Kg2 axb4 33. axb4 Bxb4
34. Bc1 Kf7 35. Kf2 Kg6 36. e4 Kh5 37. d5 exd5 38. exd5 Kh4 39. Kg2 Bd6 40. h3
b5 0-1

[Event "European Senior Teams Chess Championshi"]
[Site "Rogaska Slatina"]
[Date "2012.03.27"]
[Round "1.21"]
[White "Van Oosten, Arend"]
[Black "Birkestrand, Odd"]
[Result "1-0"]
[WhiteElo "2186"]
[BlackElo "1837"]
[PlyCount "55"]
[EventDate "2012.03.27"]
[WhiteTeam "NED - VAS"]
[BlackTeam "NOR 4"]

1. e4 e5 2. Bc4 Nf6 3. d3 Be7 4. Nf3 Nc6 5. Nc3 d6 6. a3 Bg4 7. h3 Bd7 8. Be3
O-O 9. O-O h6 10. Qd2 Kh7 11. Rad1 Ng8 12. d4 f5 13. exf5 Bxf5 14. Bd3 Nxd4 15.
Nxd4 exd4 16. Bxd4 Bxd3 17. Qxd3+ Kh8 18. Nd5 Bf6 19. Nf4 Ne7 20. Ne6 Qe8 21.
Nxf8 Qxf8 22. Bxf6 Qxf6 23. Qd4 Qg6 24. Rfe1 Nc6 25. Qc3 Rf8 26. Re3 Ne5 27.
Qxc7 Qf6 28. Re2 1-0

[Event "European Senior Teams Chess Championshi"]
[Site "Rogaska Slatina"]
[Date "2012.03.27"]
[Round "1.21"]
[White "Bue, Gunnar"]
[Black "Van Dongen, Rob"]
[Result "0-1"]
[WhiteElo "1719"]
[BlackElo "1968"]
[PlyCount "62"]
[EventDate "2012.03.27"]
[WhiteTeam "NOR 4"]
[BlackTeam "NED - VAS"]

1. d4 Nf6 2. c4 d6 3. Nf3 Nbd7 4. Nc3 e5 5. e4 exd4 6. Nxd4 g6 7. f3 Bg7 8. Be3
O-O 9. Qd2 Nc5 10. O-O-O Ne6 11. Nde2 Nd7 12. g4 Ne5 13. Ng1 b6 14. h4 Ba6 15.
b3 Bb7 16. Bg2 Qf6 17. g5 Qe7 18. Nd5 Bxd5 19. exd5 Nc5 20. Bf1 Ned7 21. Bd4
Bxd4 22. Qxd4 Qe5 23. Qxe5 Nxe5 24. b4 Nb7 25. Be2 a5 26. f4 Nd7 27. Bg4 Rfd8
28. Bxd7 Rxd7 29. b5 Re7 30. Nf3 Re3 31. Nd2 Nc5 0-1

[Event "European Senior Teams Chess Championshi"]
[Site "Rogaska Slatina"]
[Date "2012.03.27"]
[Round "1.22"]
[White "Patola, Eero"]
[Black "Ashby, Anthony C"]
[Result "1/2-1/2"]
[WhiteElo "1930"]
[BlackElo "2129"]
[PlyCount "80"]
[EventDate "2012.03.27"]
[WhiteTeam "FIN - HELSINKI"]
[BlackTeam "ENG 2"]

1. e4 e6 2. d3 d5 3. Nd2 c5 4. g3 Nc6 5. Bg2 g6 6. Ngf3 Bg7 7. O-O Nge7 8. Nb3
b6 9. c3 a5 10. a4 Ra7 11. Re1 O-O 12. Bg5 h6 13. Bxe7 Nxe7 14. Qc2 Rc7 15.
Nbd2 Ba6 16. Rad1 Rd7 17. exd5 exd5 18. Nf1 Qc7 19. Ne3 Rb8 20. d4 c4 21. Ng4
Bc8 22. Qd2 Kh7 23. Nfe5 Rd8 24. h3 Nf5 25. Re2 h5 26. Nh2 Bh6 27. Qe1 Be6 28.
g4 Nh4 29. Bh1 Bf4 30. f3 g5 31. gxh5 Re8 32. Nhg4 Kh8 33. Nf6 Rf8 34. Rdd2 Rb7
35. Rd1 Rd8 36. Neg4 Qd6 37. Ra1 Bg3 38. Qd2 Bf4 39. Qe1 Bg3 40. Qd2 Bf4
1/2-1/2

[Event "European Senior Teams Chess Championshi"]
[Site "Rogaska Slatina"]
[Date "2012.03.27"]
[Round "1.22"]
[White "Habershon, Paul F"]
[Black "Laitinen, Martti"]
[Result "1-0"]
[WhiteElo "2122"]
[BlackElo "1808"]
[PlyCount "149"]
[EventDate "2012.03.27"]
[WhiteTeam "ENG 2"]
[BlackTeam "FIN - HELSINKI"]

1. e4 c5 2. Nc3 Nc6 3. f4 e6 4. Nf3 d6 5. g3 Be7 6. Bg2 Nf6 7. O-O O-O 8. d3
Bd7 9. Kh1 Rb8 10. Be3 b5 11. Qd2 b4 12. Ne2 Ng4 13. Bg1 f5 14. exf5 exf5 15.
h3 Nf6 16. Rfe1 Re8 17. Bf2 Bf8 18. Neg1 Qc7 19. Kh2 a5 20. Rxe8 Rxe8 21. Re1
Qd8 22. Qd1 g6 23. Nd2 Nd4 24. Bxd4 cxd4 25. Ngf3 Nd5 26. Nc4 Ne3 27. Nxe3 dxe3
28. Ng5 Kg7 29. Qc1 h6 30. Nf3 Qe7 31. Nd4 d5 32. c3 bxc3 33. bxc3 g5 34. fxg5
hxg5 35. Qd1 f4 36. gxf4 Qd6 37. Qf3 Qxf4+ 38. Qxf4 gxf4 39. Bxd5 Bd6 40. Kg2
Be5 41. Ne2 Rh8 42. Rh1 Kf6 43. d4 Bc7 44. h4 Bg4 45. Bf3 Kf5 46. c4 Rg8 47.
Rf1 Rb8 48. h5 Rh8 49. Rb1 Bxh5 50. Rb5+ Kg6 51. Bxh5+ Rxh5 52. Rxh5 Kxh5 53.
Kf3 Kg5 54. c5 Kf6 55. d5 Ke7 56. d6+ Bxd6 57. cxd6+ Kxd6 58. Kxf4 Kc5 59. Kxe3
Kb4 60. Kd2 a4 61. Kc2 a3 62. Kd3 Ka4 63. Kc4 Ka5 64. Kb3 Kb5 65. Kxa3 Ka5 66.
Nc3 Ka6 67. Kb4 Kb6 68. a4 Ka6 69. a5 Kb7 70. Kb5 Ka7 71. a6 Ka8 72. Kb6 Kb8
73. Nb5 Ka8 74. Nc7+ Kb8 75. a7+ 1-0

[Event "European Senior Teams Chess Championshi"]
[Site "Rogaska Slatina"]
[Date "2012.03.27"]
[Round "1.22"]
[White "Stahle, Sten"]
[Black "Quinn, John M"]
[Result "0-1"]
[WhiteElo "1735"]
[BlackElo "2121"]
[PlyCount "84"]
[EventDate "2012.03.27"]
[WhiteTeam "FIN - HELSINKI"]
[BlackTeam "ENG 2"]

1. e4 c5 2. Nf3 e6 3. d4 cxd4 4. Nxd4 Nc6 5. Be3 Nf6 6. Nc3 a6 7. f3 Bb4 8. Qd2
Qc7 9. a3 Be7 10. O-O-O d6 11. g4 Na5 12. Kb1 Nc4 13. Bxc4 Qxc4 14. h4 b5 15.
Qd3 Qxd3 16. Rxd3 Bb7 17. h5 h6 18. Rhd1 O-O 19. g5 hxg5 20. Bxg5 Rfe8 21. Rh1
Rac8 22. f4 Bc6 23. Nxc6 Rxc6 24. Rg3 Kh7 25. e5 dxe5 26. fxe5 Rxc3 27. Rxc3
Ne4 28. Bxe7 Nxc3+ 29. bxc3 Rxe7 30. Rd1 Kh6 31. Rd6 Ra7 32. Kb2 Kxh5 33. Kb3
g5 34. c4 bxc4+ 35. Kxc4 g4 36. Kd3 Kg5 37. Ke3 Kf5 38. c4 Kxe5 39. Rd2 Rc7 40.
Rc2 f5 41. c5 f4+ 42. Kf2 Kd5 0-1

[Event "European Senior Teams Chess Championshi"]
[Site "Rogaska Slatina"]
[Date "2012.03.27"]
[Round "1.22"]
[White "Reuben, Stewart"]
[Black "Pitkanen, Juhani"]
[Result "1-0"]
[WhiteElo "2115"]
[BlackElo "1715"]
[PlyCount "69"]
[EventDate "2012.03.27"]
[WhiteTeam "ENG 2"]
[BlackTeam "FIN - HELSINKI"]

1. c4 c5 2. Nc3 b6 3. e4 Bb7 4. g3 Nf6 5. Bg2 a6 6. Nge2 d6 7. d4 cxd4 8. Nxd4
e6 9. O-O Qc7 10. Qe2 Be7 11. Be3 O-O 12. Rac1 Nbd7 13. Rfd1 Rac8 14. b3 Qb8
15. f4 Rfe8 16. g4 Nc5 17. Bf2 Qa8 18. Re1 d5 19. exd5 exd5 20. cxd5 Nxd5 21.
Nxd5 Bxd5 22. Bxd5 Qxd5 23. Nf5 Qe6 24. Qxe6 fxe6 25. Nxe7+ Rxe7 26. b4 Rf7 27.
bxc5 bxc5 28. Rc4 Rb8 29. Rxe6 Rb1+ 30. Kg2 Rd7 31. Rc2 c4 32. Rxa6 c3 33. Rxc3
Kf7 34. a3 Rb2 35. Kg3 1-0

[Event "European Senior Teams Chess Championshi"]
[Site "Rogaska Slatina"]
[Date "2012.03.27"]
[Round "1.23"]
[White "Thieme, Hans"]
[Black "Auvinen, Esa"]
[Result "1/2-1/2"]
[WhiteElo "2075"]
[BlackElo "1961"]
[PlyCount "108"]
[EventDate "2012.03.27"]
[WhiteTeam "GER - OBERUSEL"]
[BlackTeam "FIN 2"]

1. e4 e5 2. Nc3 Nf6 3. Bc4 Bc5 4. d3 O-O 5. f4 exf4 6. Bxf4 d6 7. Nf3 Be6 8.
Bxe6 fxe6 9. Qd2 e5 10. Bg5 Nbd7 11. O-O-O Qe8 12. Rdf1 c6 13. Na4 Bb6 14. Kb1
Nh5 15. Nh4 Qe6 16. Qe2 g6 17. Bh6 Ng7 18. Nf3 Bd8 19. Ng5 Bxg5 20. Bxg5 Rxf1+
21. Rxf1 Rf8 22. Rf3 Rxf3 23. Qxf3 Qf7 24. Qxf7+ Kxf7 25. Be3 b6 26. Kc1 Ne6
27. Nc3 Nd4 28. Kd2 Nf8 29. Ne2 Nxe2 30. Kxe2 Ne6 31. Kd2 Kf6 32. a4 Ke7 33. a5
c5 34. axb6 axb6 35. b4 Kd7 36. bxc5 bxc5 37. Kc3 Kc6 38. Kc4 Nc7 39. Bf2 Ne6
40. Kc3 Kb5 41. Kd2 Nf4 42. g3 Ne6 43. c4+ Kc6 44. Ke3 Kd7 45. Be1 Kc6 46. Ba5
Kb7 47. h4 Ka6 48. Bd2 Kb6 49. Kf3 Kc6 50. Kg4 Kb6 51. h5 Kc6 52. hxg6 hxg6 53.
Kf3 Nd4+ 54. Kg4 Ne6 1/2-1/2

[Event "European Senior Teams Chess Championshi"]
[Site "Rogaska Slatina"]
[Date "2012.03.28"]
[Round "2.1"]
[White "Titz, Heimo"]
[Black "Shvedchikov, Anatoli I"]
[Result "1/2-1/2"]
[WhiteElo "2206"]
[BlackElo "2405"]
[PlyCount "75"]
[EventDate "2012.03.27"]
[WhiteTeam "AUT - WIEN 1"]
[BlackTeam "RUS 1"]

1. Nf3 c5 2. c4 g6 3. Nc3 Bg7 4. e3 Nf6 5. d4 O-O 6. Be2 cxd4 7. exd4 d5 8.
cxd5 Nxd5 9. Qb3 Nxc3 10. bxc3 Nc6 11. O-O b6 12. Be3 Bb7 13. Rac1 Rc8 14. Rfd1
Na5 15. Qa4 Bc6 16. Qb4 Qd6 17. Qxd6 exd6 18. c4 Rfe8 19. Re1 Bb7 20. Bf1 Ba6
21. c5 Bxf1 22. Kxf1 d5 23. cxb6 axb6 24. Rxc8 Rxc8 25. Rb1 Nc4 26. Rb5 Nxe3+
27. fxe3 Bh6 28. Ke2 Rc1 29. Rb3 Rc2+ 30. Nd2 Rxa2 31. Rxb6 Ra3 32. Rb3 Rxb3
33. Nxb3 f5 34. h4 Kf7 35. Kf3 Bf8 36. Nc1 Bd6 37. Nd3 Ke6 38. g3 1/2-1/2

[Event "European Senior Teams Chess Championshi"]
[Site "Rogaska Slatina"]
[Date "2012.03.28"]
[Round "2.1"]
[White "Chernikov, Oleg L"]
[Black "Strobel, Ferdinand"]
[Result "1/2-1/2"]
[WhiteElo "2415"]
[BlackElo "2129"]
[PlyCount "36"]
[EventDate "2012.03.27"]
[WhiteTeam "RUS 1"]
[BlackTeam "AUT - WIEN 1"]

1. e4 d6 2. d4 g6 3. Nc3 Nf6 4. g3 Bg7 5. Bg2 O-O 6. Nge2 c6 7. O-O Nbd7 8. h3
e5 9. Be3 b6 10. Re1 Qc7 11. Qd2 Bb7 12. Rad1 Rfe8 13. g4 Nf8 14. Ng3 Ne6 15.
Nce2 Rad8 16. g5 Nd7 17. c4 c5 18. d5 Nd4 1/2-1/2

[Event "European Senior Teams Chess Championshi"]
[Site "Rogaska Slatina"]
[Date "2012.03.28"]
[Round "2.1"]
[White "Dueckstein, Andreas"]
[Black "Pushkov, Nikolai"]
[Result "1/2-1/2"]
[WhiteElo "2221"]
[BlackElo "2390"]
[PlyCount "164"]
[EventDate "2012.03.27"]
[WhiteTeam "AUT - WIEN 1"]
[BlackTeam "RUS 1"]

1. e4 e6 2. d4 d5 3. Nc3 Nf6 4. exd5 exd5 5. Bd3 Nc6 6. Nge2 Nb4 7. Bb5+ c6 8.
Ba4 Bf5 9. Ng3 Bg4 10. Nce2 Bd6 11. c3 Na6 12. Qd3 Nc7 13. Nf5 Bxf5 14. Qxf5
Ne6 15. O-O O-O 16. Bc2 g6 17. Qf3 Nh5 18. Re1 Re8 19. Bd2 Ng5 20. Bxg5 Qxg5
21. Ng3 Bxg3 22. hxg3 Qd2 23. Rxe8+ Rxe8 24. Qd1 Re2 25. Qxd2 Rxd2 26. Rc1 Nf6
27. f3 Nh5 28. Kh2 f5 29. b4 f4 30. g4 Ng3 31. Bb3 Ne2 32. Re1 Kf8 33. b5 cxb5
34. Bxd5 Nxc3 35. Bxb7 Rxd4 36. Bc6 Rc4 37. Bd7 Rc7 38. Be6 b4 39. Bb3 Re7 40.
Rc1 Re3 41. Bc4 Ke7 42. Rc2 Kd6 43. Rd2+ Kc5 44. Bg8 Re7 45. Rd8 a5 46. Rc8+
Kb5 47. a3 Na4 48. axb4 axb4 49. Ra8 Nb6 50. Rf8 Rg7 51. Bb3 g5 52. Rf5+ Ka6
53. g3 fxg3+ 54. Kxg3 h6 55. Bc2 Rd7 56. Rf6 Kb5 57. Rxh6 Rd5 58. Rg6 Nc4 59.
Bb3 Re5 60. Rg8 Nd2 61. Bf7 b3 62. Rd8 Re2 63. Rxd2 Rxd2 64. Bxb3 Kc5 65. Be6
Kd4 66. Bf5 Ke3 67. Be4 Rd1 68. Kg2 Kf4 69. Kf2 Rd2+ 70. Ke1 Rh2 71. Kf1 Kg3
72. Ke1 Rf2 73. Bd5 Rb2 74. Be4 Rb3 75. Ke2 Kf4 76. Kf2 Rb2+ 77. Kf1 Kg3 78.
Ke1 Rf2 79. Bd5 Rh2 80. Kf1 Kf4 81. Be4 Ke3 82. Kg1 Rf2 1/2-1/2

[Event "European Senior Teams Chess Championshi"]
[Site "Rogaska Slatina"]
[Date "2012.03.28"]
[Round "2.2"]
[White "Sanz Bastos, Fernando"]
[Black "Clemens, Christian Dr"]
[Result "1/2-1/2"]
[WhiteElo "2058"]
[BlackElo "2302"]
[PlyCount "149"]
[EventDate "2012.03.27"]
[WhiteTeam "ESP - CATALONIA"]
[BlackTeam "GER 1"]

1. e4 Nf6 2. e5 Nd5 3. c4 Nb6 4. d4 d6 5. f4 dxe5 6. fxe5 Nc6 7. Be3 Bf5 8. Nc3
e6 9. Nf3 Be7 10. d5 exd5 11. cxd5 Nb4 12. Nd4 Bd7 13. e6 fxe6 14. dxe6 Bc6 15.
a3 Bh4+ 16. g3 Bxh1 17. axb4 Bf6 18. Qh5+ g6 19. Qg4 Nd5 20. Bf2 O-O 21. Bd3
Nxb4 22. Bxg6 hxg6 23. Qxg6+ Bg7 24. O-O-O Qf6 25. Qxf6 Bxf6 26. Be3 Bg2 27.
Nf5 Rfd8 28. Rg1 Bd5 29. Nxd5 Nxd5 30. Bd2 Re8 31. Re1 a5 32. g4 Ra6 33. e7
Bxe7 34. g5 Kf7 35. Rf1 Kg6 36. h4 Bb4 37. h5+ Kxh5 38. Ng7+ Kg6 39. Nxe8 Bxd2+
40. Kxd2 Kxg5 41. Rf7 Rb6 42. Kc2 Re6 43. Ng7 Rg6 44. Rd7 Rc6+ 45. Kb3 Nb6 46.
Re7 Kf6 47. Rxc7 Rxc7 48. Ne8+ Ke5 49. Nxc7 Kd6 50. Nb5+ Kc5 51. Nc3 Kc6 52.
Ne2 Kb5 53. Nd4+ Ka6 54. Ne6 Nd7 55. Nc7+ Kb6 56. Nd5+ Kc5 57. Nc3 b5 58. Ne4+
Kd4 59. Nc3 Nc5+ 60. Ka2 Kc4 61. Nb1 Kd3 62. Nc3 b4 63. Nb5 a4 64. Kb1 Kd2 65.
Nd4 Kd1 66. Nc2 b3 67. Ne3+ Ke2 68. Nd5 Ne4 69. Nb6 Nc5 70. Nd5 Kd2 71. Nb6 Kd1
72. Nd5 Ne4 73. Ne3+ Ke1 74. Nd5 Ke2 75. Nb6 1/2-1/2

[Event "European Senior Teams Chess Championshi"]
[Site "Rogaska Slatina"]
[Date "2012.03.28"]
[Round "2.3"]
[White "Gundersen, Helge"]
[Black "Faibisovich, Vadim Z"]
[Result "1/2-1/2"]
[WhiteElo "2223"]
[BlackElo "2377"]
[PlyCount "59"]
[EventDate "2012.03.27"]
[WhiteTeam "NOR 1"]
[BlackTeam "RUS - ST. PETERSBURG"]

1. e4 c5 2. Nc3 Nc6 3. f4 e6 4. Nf3 d5 5. Bb5 d4 6. Ne2 Nf6 7. Bxc6+ bxc6 8. d3
Be7 9. O-O O-O 10. Ne5 Qc7 11. Ng3 Nd7 12. Qg4 f5 13. exf5 Nxe5 14. fxe5 exf5
15. Nxf5 Rxf5 16. Rxf5 g6 17. e6 Bxe6 18. Rf8+ Rxf8 19. Qxe6+ Kg7 20. Bd2 Bd6
21. Qh3 h5 22. g3 Qf7 23. Rf1 Qxf1+ 24. Qxf1 Rxf1+ 25. Kxf1 Kf6 26. Kg2 Kf5 27.
Kf3 g5 28. h3 g4+ 29. hxg4+ hxg4+ 30. Kf2 1/2-1/2

[Event "European Senior Teams Chess Championshi"]
[Site "Rogaska Slatina"]
[Date "2012.03.28"]
[Round "2.3"]
[White "Monin, Nikolay"]
[Black "Kristiansen, Erling"]
[Result "1/2-1/2"]
[WhiteElo "2332"]
[BlackElo "2181"]
[PlyCount "35"]
[EventDate "2012.03.27"]
[WhiteTeam "RUS - ST. PETERSBURG"]
[BlackTeam "NOR 1"]

1. e4 e5 2. Nc3 Nf6 3. Bc4 Nc6 4. d3 Na5 5. Nge2 Nxc4 6. dxc4 Bc5 7. O-O d6 8.
Qd3 Be6 9. Na4 Nd7 10. b3 a6 11. Nxc5 Nxc5 12. Qg3 Nxe4 13. Qxg7 Qf6 14. Qxf6
Nxf6 15. f4 Nh5 16. Bb2 f6 17. c5 Rg8 18. cxd6 1/2-1/2

[Event "European Senior Teams Chess Championshi"]
[Site "Rogaska Slatina"]
[Date "2012.03.28"]
[Round "2.3"]
[White "Harestad, Thor Geir"]
[Black "Karasev, Vladimir I"]
[Result "1-0"]
[WhiteElo "2175"]
[BlackElo "2379"]
[PlyCount "87"]
[EventDate "2012.03.27"]
[WhiteTeam "NOR 1"]
[BlackTeam "RUS - ST. PETERSBURG"]

1. d4 b5 2. e4 Bb7 3. f3 a6 4. Bd3 e6 5. Be3 d6 6. Ne2 Nd7 7. O-O Ngf6 8. Nd2
c5 9. c3 e5 10. d5 c4 11. Bc2 Nc5 12. b4 Ncd7 13. a4 Be7 14. Qb1 O-O 15. Qb2
Nh5 16. Rfd1 Bg5 17. Bf2 Bxd2 18. Rxd2 Nf4 19. Nxf4 exf4 20. axb5 axb5 21. Rxa8
Qxa8 22. Rd1 Ne5 23. Bd4 Nd3 24. Bxd3 cxd3 25. Rxd3 Qc8 26. Rd2 Re8 27. Qc2 Qc7
28. Qd3 Ba6 29. Ra2 Qc8 30. Qd2 g5 31. Bf6 Bb7 32. Ra7 Qb8 33. Qd4 Rc8 34. Qb6
Rc7 35. Bd4 Rd7 36. Qxb5 Qc8 37. c4 h6 38. c5 dxc5 39. bxc5 Bc6 40. Qb6 Rxa7
41. Qxa7 Qd8 42. Qa6 Kh7 43. Qxc6 Qa5 44. Kh1 1-0

[Event "European Senior Teams Chess Championshi"]
[Site "Rogaska Slatina"]
[Date "2012.03.28"]
[Round "2.4"]
[White "Ivanovic, Bozidar"]
[Black "Giulian, Philip M"]
[Result "1-0"]
[WhiteElo "2412"]
[BlackElo "2290"]
[PlyCount "96"]
[EventDate "2012.03.27"]
[WhiteTeam "MNE"]
[BlackTeam "SCO 1"]

1. e4 e6 2. d4 d5 3. Nc3 Nf6 4. Bg5 Bb4 5. e5 h6 6. Bd2 Bxc3 7. bxc3 Ne4 8. Bd3
Nxd2 9. Qxd2 c5 10. Nf3 Qa5 11. dxc5 Qxc5 12. O-O b6 13. Nd4 O-O 14. Rfe1 Ba6
15. Re3 Bxd3 16. cxd3 Nc6 17. Nb3 Qe7 18. Rae1 Rac8 19. d4 Na5 20. Rg3 Kh8 21.
Nc1 f5 22. Nd3 Nc4 23. Qc1 g5 24. h4 f4 25. Rf3 Rf5 26. hxg5 hxg5 27. g4 Rff8
28. Kg2 Kg7 29. Rh1 Rh8 30. Rfh3 Qf7 31. Ne1 Qg6 32. Nf3 Rxh3 33. Rxh3 Rh8 34.
Rxh8 Kxh8 35. Qd1 b5 36. a4 bxa4 37. Qxa4 Qe4 38. Qe8+ Kg7 39. Qe7+ Kh8 40.
Qf8+ Kh7 41. Qf7+ Kh8 42. Qh5+ Kg7 43. Qf7+ Kh8 44. Qh5+ Kg7 45. Qxg5+ Kh7 46.
Qe7+ Kg8 47. Qxe6+ Kg7 48. Qe7+ Kg8 1-0

[Event "European Senior Teams Chess Championshi"]
[Site "Rogaska Slatina"]
[Date "2012.03.28"]
[Round "2.4"]
[White "Jamieson, Peter M"]
[Black "Zivkovic, Ljubo"]
[Result "1-0"]
[WhiteElo "2251"]
[BlackElo "2279"]
[PlyCount "65"]
[EventDate "2012.03.27"]
[WhiteTeam "SCO 1"]
[BlackTeam "MNE"]

1. d4 Nf6 2. Nf3 e6 3. g3 c5 4. Bg2 cxd4 5. O-O d6 6. Nxd4 Be7 7. c4 a6 8. Nc3
O-O 9. e4 Qc7 10. Be3 Nc6 11. Rc1 Nxd4 12. Qxd4 Nd7 13. Rfd1 b6 14. h3 Rb8 15.
Qd2 Bb7 16. Bg5 Bxg5 17. Qxg5 Nf6 18. b3 h6 19. Qf4 Rbd8 20. Rd3 Rd7 21. Rcd1
Rfd8 22. h4 Qb8 23. a4 Bc6 24. b4 b5 25. a5 Ne8 26. g4 e5 27. Qg3 Nc7 28. g5
hxg5 29. Bh3 Ne6 30. Bxe6 fxe6 31. hxg5 Re7 32. g6 Kf8 33. Qh4 1-0

[Event "European Senior Teams Chess Championshi"]
[Site "Rogaska Slatina"]
[Date "2012.03.28"]
[Round "2.4"]
[White "Borwell, Alan P"]
[Black "Dragasevic, Srdja"]
[Result "0-1"]
[WhiteElo "2085"]
[BlackElo "2267"]
[PlyCount "68"]
[EventDate "2012.03.27"]
[WhiteTeam "SCO 1"]
[BlackTeam "MNE"]

1. f4 g6 2. Nf3 d5 3. g3 Bg7 4. Bg2 Nh6 5. O-O c6 6. d4 O-O 7. c4 Nf5 8. a4
dxc4 9. e3 Nd6 10. Na3 Bf5 11. Ne5 Be4 12. Bxe4 Nxe4 13. Nexc4 Nd7 14. Qf3 f5
15. g4 e6 16. g5 Nb6 17. Qd1 Nd5 18. Qb3 Rf7 19. Nc2 Rc8 20. Ne1 c5 21. Ne5
Bxe5 22. dxe5 c4 23. Qa3 h6 24. gxh6 Rh7 25. Nf3 Rxh6 26. Ra2 Qb6 27. Nd4 Kf7
28. a5 Qc5 29. a6 b5 30. b4 Qb6 31. Rc2 Rh3 32. Bd2 Qxd4 33. Qc1 Qd3 34. Kg2
Qe2+ 0-1